Indovina il Film dalla Trama- Anni '80 - Statistics

Statistiche generali
  • Questo quiz è stato fatto 282 volte
  • Il punteggio medio è 14 su 24
Statistiche sulle risposte
Anno Trama Film % Corretto
1982 Un alieno rimasto sulla Terra è ricercato dalla polizia, ma dei bambini lo nascondono. E.T. - L'Extraterrestre
92%
1984 Un maestro giapponese aiuta un ragazzo a difendersi da un bullo. Karate Kid
91%
1985 Un ragazzino degli anni '80 si ritrova negli anni '50 e compie un guaio. Ritorno Al Futuro
84%
1984 Tre ragazzi danno la caccia agli spiriti che popolano New York. Ghostbusters
81%
1980 Uno scrittore fallito accetta l'incarico di custode invernale di un isolato e inquietante hotel dove vi si trasferisce con la moglie e il figlio. Shining
79%
1989 La vita di alcuni studenti viene svoltata dall'arrivo di un atipico professore che li fa appassionare alla poesia. L'Attimo Fuggente
77%
1986 Un pilota di caccia segue i corsi di addestramento in una prestigiosa scuola per aviatori della marina militare statunitense. Top Gun
75%
1988 Un investigatore umano è incaricato di sorvegliare la moglie di un personaggio dei cartoni animati. Chi Ha Incastrato Roger Rabbit?
65%
1984 Un bambino comincia a leggere un libro fantasy su un regno in pericolo e ne rimane completamente coinvolto. La Storia Infinita
65%
1984 Una macchina omicida con fattezze umane viene inviata dal futuro per uccidere la mamma di un prossimo nemico della sua specie. Terminator
64%
1989 Una creatura marina salva un giovane umano del quale si innamora perdutamente. Pur di stare con lui è disposta a perdere una "parte" di sé. La Sirenetta
61%
1980 Due fratelli cercano di salvare l'orfanotrofio in cui sono cresciuti riunendo la loro vecchia band musicale. The Blues Brother
60%
1987 Uno speaker radiofonico con allegria racconta la vita dei soldati coinvolti nella guerra nel sud-est asiatico. Good Morning Vietnam
52%
1988 Nella Sicilia del dopoguerra un bambino si appassiona all'arte cinematografica frequentando il cinema del paese e stringendo amicizia con il proiezionista della sala. Nuovo Cinema Paradiso
51%
1985 Un gruppo di ragazzini trova una mappa di un pirata e va alla ricerca del suo tesoro. I Goonies
48%
1988 Un uomo scopre di avere un fratello autistico a cui il padre ha lasciato tutta la ricca eredità. Rain Man
47%
1983 Un profugo cubano negli Stati Uniti scala i vertici della malavita con crudeltà e determinazione fino a diventare il re del narcotraffico. Scarface
46%
1984 I sogni di cinque amici vengono infestati da un essere spaventoso e omicida. Nightmare
39%
1980 Un uomo con una rara malattia che gli deturpa il corpo, è costretto ad esibirsi come fenomeno da baraccone con un umiliante nomignolo. The Elephant Man
39%
1984 Negli anni '20 una banda di ragazzini ebrei comincia la sua ascesa nella malavita, gli affari vanno a gonfie vele, ma tra i due capi della banda i rapporti si guastano. C'era Una Volta In America
37%
1982 Un ex detective richiamato in servizio deve scovare quattro androidi ribelli evasi da una colonia extraterrestre. Blade Runner
34%
1985 Cinque adolescenti molto diversi tra loro devono passare il sabato pomeriggio a scuola per punizione. Breakfast Club
31%
1986 Un giovane volontario partito per il Vietnam scopre gli orrori e le contraddizioni della guerra. Platoon
23%
1989 Una donna e il fidanzato di un'amica della donna fanno un viaggio di diciotto ore verso New York; nonostante alcune divergenze, un'evidente simpatia li attrae. Harry, Ti Presento Sally
22%
Nessun quiz corrispondente trovato
Distribuzione punteggi
Percentuale di utenti per punteggio
Percentile per numero di risposta
I tuoi punteggi nel tempo
Non hai fatto questo quiz